Teorías de la justicia
Збережено в:
| Автор: | |
|---|---|
| Формат: | Книга |
| Мова: | Іспанська |
| Опубліковано: |
Barcelona
Gedisa
1995
|
| Серія: | Colecciones y Series. Grupo Ciencias Sociales
|
| Предмети: | |
| Теги: |
Додати тег
Немає тегів, Будьте першим, хто поставить тег для цього запису!
|
MARC
| LEADER | 00000nam a2200000 a 4500 | ||
|---|---|---|---|
| 001 | UCT4300 | ||
| 003 | CL-VaPUC | ||
| 008 | 961108e19950000SP |||||||||||||||||spa|d | ||
| 082 | 0 | 4 | |a 340.1 |b BAR |2 21 |
| 100 | 0 | |a Barry, Brian |e author |9 373565 | |
| 245 | 1 | 0 | |a Teorías de la justicia |
| 300 | |a 429 p | ||
| 942 | |c BK | ||
| 945 | |d 19961108 00:00:00 |a nastorga | ||
| 260 | |a Barcelona |b Gedisa |c 1995 | ||
| 650 | 0 | |a Justicia |9 255408 | |
| 650 | 0 | |a Sociedad |9 307903 | |
| 650 | 7 | |a COSTUMBRES |2 CL-VaPUC |9 337506 | |
| 650 | 7 | |a IMPARCIALIDAD |2 CL-VaPUC |9 328493 | |
| 583 | |a last modification |c 19961108 00:00:00 |k Rodrigo Vera | ||
| 490 | 0 | |a Colecciones y Series. Grupo Ciencias Sociales | |
| 999 | |c 253706 |d 253704 | ||
| 952 | |0 0 |1 0 |4 0 |6 340_100000000000000_BAR_1995 |7 0 |8 DER_TF |9 274751 |a BIBDER |b BIBDER |d 2019-11-19 |i 3249816 |l 1 |o 340.1 BAR 1995 |p 3249816 |r 2023-01-25 |s 2020-03-17 |w 2019-11-19 |x Ubicación 4to Piso |y BK |z Estos recursos deben solicitarse con anticipación |k DER | ||